logo

Bir Sreshtho Munshi Abdur Rouf Library
Jhenaidah Cadet College

Reforming American government : (Record no. 9394)

MARC details
000 -LEADER
fixed length control field 00891cam a2200277 a 4500
001 - CONTROL NUMBER
JCCL Control Number 9394
003 - CONTROL NUMBER IDENTIFIER
JCCL marc code BD-JhCC
005 - DATE AND TIME OF LATEST TRANSACTION
control field 20180313181823.0
008 - FIXED-LENGTH DATA ELEMENTS--GENERAL INFORMATION
fixed length control field 850201s1985 cou b 000 0 eng
020 ## - INTERNATIONAL STANDARD BOOK NUMBER
International Standard Book Number 0813370590
020 ## - INTERNATIONAL STANDARD BOOK NUMBER
International Standard Book Number 0813371147 (pbk.)
035 ## - SYSTEM CONTROL NUMBER
system control number (BD-JhCC)9394
040 ## - CATALOGING SOURCE
Original cataloging agency DLC
Transcribing agency DLC
Modifying agency DLC
-- BD-JhCC
041 ## - LANGUAGE CODE
Language code of Book eng
050 00 - LIBRARY OF CONGRESS CALL NUMBER
Classification number KF4549
Item number .R44 1985
082 00 - DEWEY DECIMAL CLASSIFICATION NUMBER
Classification number 342.73/03
-- 347.3023
DDC Edition number 19
Author mark and Year REF 1985
245 00 - TITLE STATEMENT
Title Reforming American government :
Remainder of title the bicentennial papers of the Committee on the Constitutional System /
Statement of responsibility, etc edited by Donald L. Robinson.
260 ## - PUBLICATION, DISTRIBUTION, ETC. (IMPRINT)
Place of publication, distribution, etc Boulder :
Name of publisher, distributor, etc Westview Press,
Date of publication, distribution, etc 1985.
300 ## - PHYSICAL DESCRIPTION
Pagination xvi, 334 p. ;
Dimensions 24 cm.
504 ## - BIBLIOGRAPHY, ETC. NOTE
Bibliography, etc Bibliography: p. 328-332.
650 #0 - SUBJECT ADDED ENTRY--TOPICAL TERM
Topical term or geographic name as entry element Constitutional law
Geographic subdivision United States.
700 1# - ADDED ENTRY--PERSONAL NAME
Personal name Robinson, Donald L.,
Dates associated with a name 1936-
710 2# - ADDED ENTRY--CORPORATE NAME
Corporate name or jurisdiction name as entry element Committee on the Constitutional System (U.S.)
942 ## - ADDED ENTRY ELEMENTS (KOHA)
Source of classification or shelving scheme Dewey Decimal Classification
Koha item type Books
Holdings
Source of classification or shelving scheme Damaged status Not for loan Home library Current library Shelving location Total Checkouts Full call number Barcode Date last seen Copy number Koha item type
Dewey Decimal Classification     JCC Rouf Library JCC Rouf Library General Stacks   342.73/03 REF 1985 12392 03/13/2018 C - 1 Books

JCC Library | Contacts | JCC Home

Last Update on 23 September 2017
Copyright @ 2017-2020 JCC Rouf Library
Rouf Library, Jhenidah Cadet College (JCC), Bangladesh